| 000 | 01810nam a2200421Ia 4500 | ||
|---|---|---|---|
| 008 | 130821s1953 ne gr fre | ||
| 040 |
_aCo-BoUCM _bspa |
||
| 041 | 0 | 0 | _afre |
| 100 | 1 | _aDe Orue Y Arregui, José Ramón | |
| 245 | 1 | 3 |
_aLe régionalisme dans l'organisation internationale _cJosé Ramón De Orúe y Arregui |
| 260 |
_aLeiden (Holanda) _bA. W. Sijthoff _c1953 |
||
| 300 | _a650 páginas | ||
| 490 | 0 |
_aRecueil des Cours. _v53 _aCollected Courses of the Hague Academy of International Law |
|
| 504 | _aIncluye bibliografía e índice alfabético | ||
| 650 | 0 | 4 |
_aApátridas _99235 |
| 650 | 0 | 4 |
_aArbitramento internacional _99307 |
| 650 | 0 | 4 |
_aDerecho internacional privado _97497 |
| 650 | 0 | 4 |
_aDerecho internacional privado _zCanadá _97497 |
| 650 | 0 | 4 |
_aDerecho internacional público _97498 |
| 650 | 0 | 4 |
_aDerecho internacional _912776 |
| 650 | 0 | 4 |
_aDerecho marítimo _912792 |
| 650 | 0 | 4 |
_aOrganismos internacionales _920845 |
| 700 | 1 | 2 | _aFabre-Suveyer, Édouard |
| 700 | 1 | 2 | _aFinch, George |
| 700 | 1 | 2 | _aFrancois, J.P.-A. |
| 700 | 1 | 2 | _aJéze, Gaston |
| 700 | 1 | 2 | _aTaube, Michel de |
| 700 | 1 | 2 | _aWalsh, Edmund A. |
| 710 | 2 | _aAcadémie de Droit International Law. | |
| 740 | 3 | 2 | _aLa conception du droit international privé d'après la doctrine et la pratique au Canada /Edouard abre-Surveyer. |
| 740 | 3 | 2 | _aLe problème des apatrides /J.-P.-A François. |
| 740 | 3 | 2 | _aLe statut juridique de la mer Baltique jusqu'au début du xixe siècle /Michel Taube. |
| 740 | 4 | 2 | _aLes défaillances d'Etat /Gaston Jèze. |
| 740 | 4 | 2 | _aLes principes fondamentaux de la vie internationale /Edmund A. Walsh. |
| 740 | 4 | 2 | _aLes sources modernes du droit international /George A. Finch. |
| 942 |
_a8 _e1 _kR _mR311 _cLIBROREF _2DEWEY _h341.02 |
||
| 999 |
_c45722 _d45722 |
||